El primate creyente : reflexiones científicas, filosóficas y teológicas sobre el origen de la religión /

Bibliographic Details
Other Authors: Schloss, Jeffrey (Editor), Murray, Michael J. (Editor), Monasterio Astobiza, Aníbal (Translator)
Format: Electronic eBook
Language:Spanish
English
Published: Barcelona : Herder, 2018.
Edition:1a. edición digital.
Series:Biblioteca Herder.
Subjects:
Online Access:Digitalia Hispánica

MARC

LEADER 00000nam a2200000Ii 4500
001 DIGHERDER0335
003 NyNyDIG
007 cr |||||||||||
008 220507s2018 sp ob 001 0 spa d
006 m o d
035 |a (OCoLC)1031528251 
040 |a DGITA  |b eng  |e rda  |e pn  |c DGITA 
020 |a 9788425439155  |q eBook  |q ePub 
020 |z 9788425439148 
041 1 |a spa  |h eng 
050 1 4 |a BL240.2 ebook 
240 1 0 |a Believing primate.  |l Spanish  |s (Monasterio Astobiza) 
245 0 3 |a El primate creyente :  |b reflexiones científicas, filosóficas y teológicas sobre el origen de la religión /  |c Jeffrey Schloss y Michael J. Murray (eds.) ; traducción de Aníbal Monasterio Astobiza. 
250 |a 1a. edición digital. 
264 1 |a Barcelona :  |b Herder,  |c 2018. 
300 |a 1 online resource. 
336 |a text  |b txt  |2 rdacontent 
337 |a computer  |b c  |2 rdamedia 
338 |a online resource  |b cr  |2 rdacarrier 
347 |a text file  |2 rdaft 
347 |b EPUB 
490 1 |a Biblioteca Herder 
504 |a Includes bibliographical references and index. 
588 0 |a Online resource; title from ePub title page (Digitalia, viewed May 07, 2022) 
650 0 |a Religion and science. 
650 0 |a Evolution (Biology) 
655 0 |a Electronic books. 
700 1 |a Schloss, Jeffrey,  |e editor. 
700 1 |a Murray, Michael J.,  |e editor. 
700 1 |a Monasterio Astobiza, Aníbal,  |e translator. 
730 0 |i Translation of:  |a Believing primate. 
791 2 |a Digitalia (Firm),  |e distributor. 
793 0 |g Digitalia eBook Collection:  |a Herder Editorial 
776 0 8 |i Print version:  |s Believing primate. Spanish (Monasterio Astobiza).  |t Primate creyente.  |d Barcelona : Herder, 2018  |z 9788425439148 
830 0 |a Biblioteca Herder. 
856 4 0 |3 Digitalia Hispánica  |u https://www.digitaliapublishing.com/a/61353/ 
910 |a Premium collection: 2022